[Event "Mermaid Beach Club"]
[Site "Bermuda"]
[Date "1997.??.??"]
[Round "3"]
[White "Hjartarson, Johann"]
[Black "Shaked, Tal"]
[Result "1-0"]
[WhiteElo "2585"]
[BlackElo "2445"]

1.d4 Nf6 2.c4 g6 3.Nc3 Bg7 4.e4 d6 5.Nf3 O-O 6.Be2 e5 7.O-O Nc6 8.d5 Ne7
9.b4 Kh8 10.c5 Neg8 11.Nd2 Ne8 12.a4 f5 13.Ba3 Ngf6 14.b5 dxc5 15.Bxc5 Nd6
16.Qc2 b6 17.Ba3 fxe4 18.Ndxe4 Bf5 19.Bd3 Nh5 20.g3 Bh6 21.Rfe1 Qd7 22.Bc1 Bxc1
23.Raxc1 Rae8 24.Ng5 Ng7 25.Nce4 Rc8 26.Nd2 Nf7 27.Bxf5 Nxf5 28.Ne6 Qxd5
29.Nxf8 Rxf8 30.Qc3 Nd4 31.Qc4 Qd7 32.Qxc7 Qf5 33.f4 Qd3 34.Qc3 Qxd2 35.Qxd2 Nf3+
36.Kg2 Nxd2 37.fxe5 Ng5 38.e6 Re8 39.e7 Kg8 40.Rc7 Kf7 41.Rxa7 Nge4 42.a5 bxa5
43.b6 Rb8 44.Rd7 Ke8 45.Rd4 Rxb6 46.Rd8+ Kxe7 47.Rxd2 Re6 48.Ra2  1-0

[Event "Mermaid Beach Club"]
[Site "Bermuda"]
[Date "1997.??.??"]
[Round "5"]
[White "Hjartarson, Johann"]
[Black "Vescovi, Giovanni"]
[Result "1/2-1/2"]
[WhiteElo "2585"]
[BlackElo "2490"]

1.d4 Nf6 2.c4 g6 3.Nc3 Bg7 4.e4 d6 5.Nf3 O-O 6.Be2 e5 7.O-O Nc6 8.d5 Ne7
9.b4 a5 10.Ba3 axb4 11.Bxb4 Nd7 12.a4 h6 13.a5 f5 14.Nd2 Kh8 15.Na4 Nf6 16.f3 c5
17.Nb6 Ra7 18.Bc3 h5 19.f4 exf4 20.Rxf4 Nxe4 21.Nxe4 fxe4 22.Bxg7+ Kxg7 23.Rxe4 Bf5
24.Re3 Nc8 25.Nxc8 Bxc8 26.Bxh5 Bf5 27.Bg4 Rxa5 28.Bxf5 Rxf5 29.Rb1 b5 30.cxb5 Qb6
31.Re7+ Kf8 32.Qe2 c4+ 33.Kh1 Rxb5 34.Re1 Rb1 35.Qxc4 Qc5 36.Qa6 Rxe1+ 37.Rxe1 Qxd5
38.h3 Re5 39.Rc1 Re7 40.Qc8+ Kg7 41.Qd8  1/2-1/2

[Event "Mermaid Beach Club"]
[Site "Bermuda"]
[Date "1997.??.??"]
[Round "10"]
[White "Vescovi, Giovanni"]
[Black "Shaked, Tal"]
[Result "1-0"]
[WhiteElo "2490"]
[BlackElo "2445"]

1.d4 Nf6 2.Nf3 g6 3.c4 Bg7 4.Nc3 O-O 5.e4 d6 6.Be2 e5 7.O-O Nc6 8.d5 Ne7
9.Ne1 Nd7 10.Be3 f5 11.f3 f4 12.Bf2 g5 13.a4 Ng6 14.a5 h5 15.Nb5 Nf6 16.Nxa7 g4
17.Nxc8 g3 18.hxg3 fxg3 19.Bxg3 h4 20.Bh2 Nf4 21.Bxf4 exf4 22.e5 Nh5 23.g4 hxg3
24.Kg2 Bxe5 25.Qd3 Qg5 26.Ne7+ Qxe7 27.Qg6+ Ng7 28.Rh1 Rf6 29.Qh7+ Kf7 30.Bd3 Bxb2
31.Ra2 Qe5 32.Be4 Bd4 33.Rh4 Be3 34.Rg4 Rg8 35.a6 bxa6 36.Nd3 Qc3 37.Rb2 Bb6
38.c5 Bxc5 39.Bg6+ Kf8 40.Rb8+ Ke7 41.Qxg8 Qd2+ 42.Kf1  1-0

[Event "Biel op MTO"]
[Site "Biel"]
[Date "1997.??.??"]
[Round "8"]
[White "Sinkovics, Peter"]
[Black "Pavlovic, Milos"]
[Result "0-1"]
[WhiteElo "2375"]
[BlackElo "2485"]

1.d4 Nf6 2.Nf3 g6 3.c4 Bg7 4.Nc3 d6 5.e4 O-O 6.Be2 e5 7.O-O Nc6 8.d5 Ne7
9.b4 Nh5 10.Re1 Kh8 11.g3 f5 12.Ng5 Nf6 13.Bf3 c6 14.Bb2 Ne8 15.exf5 gxf5
16.dxc6 bxc6 17.Bg2 Rb8 18.a3 Ng6 19.h4 e4 20.Nxh7 Kxh7 21.Qh5+ Kg8 22.Qxg6 Qf6
23.Qh5 Qf7 24.Qe2 Be6 25.Bf1 d5 26.cxd5 cxd5 27.Nb5 f4 28.Nd4 Bd7 29.Rac1 Rb6
30.Kh1 Rg6 31.Nb3 fxg3 32.fxg3 Rxg3  0-1

[Event "Bled op18th"]
[Site "Bled"]
[Date "1997.??.??"]
[Round "2"]
[White "Bukic, Enver"]
[Black "Rogic, Davor"]
[Result "1-0"]
[WhiteElo "2435"]
[BlackElo "2455"]

1.Nf3 Nf6 2.c4 g6 3.Nc3 Bg7 4.e4 d6 5.d4 O-O 6.Be2 e5 7.O-O Nc6 8.d5 Ne7
9.Bg5 h6 10.Bxf6 Bxf6 11.b4 a5 12.a3 Bg7 13.Nd2 c6 14.Qb3 Kh7 15.Rad1 axb4
16.axb4 cxd5 17.cxd5 f5 18.f3 h5 19.Nc4 Bh6 20.Ra1 Rb8 21.b5 Ng8 22.Qb4 Bf4
23.g3 Qg5 24.Kf2 Nf6 25.gxf4 Nxe4+ 26.Nxe4 Qh4+ 27.Kg1 fxe4 28.Qe1 Qe7 29.fxe5 Bh3
30.Qg3 Bxf1 31.Rxf1 Rf5 32.exd6 Qd8 33.h4 g5 34.fxe4 gxh4 35.Qe3 Rg5+ 36.Kh2 Ra8
37.e5 Ra2 38.e6 Qg8 39.Rf7+ Kh6 40.Rf6+ Kh7 41.Rf7+ Kh6 42.Nd2 Ra3 43.Rf6+ Kh7
44.Bd3+ Rxd3 45.Qxd3+ Kh8 46.Rf2 Qg7 47.Qf3  1-0

[Event "Bled op18th"]
[Site "Bled"]
[Date "1997.??.??"]
[Round "4"]
[White "Nikolov, Sasho"]
[Black "Hanser, Michael"]
[Result "1-0"]
[WhiteElo "2370"]
[BlackElo "2150"]

1.d4 Nf6 2.c4 g6 3.Nc3 Bg7 4.e4 d6 5.Nf3 O-O 6.Be2 e5 7.O-O Nc6 8.d5 Ne7
9.Nd2 Ne8 10.b4 a5 11.bxa5 Rxa5 12.Nb3 Ra8 13.c5 f5 14.a4 Nf6 15.f3 f4 16.Ba3 g5
17.a5 Ng6 18.cxd6 cxd6 19.Nb5 Ne8 20.Bb4 b6 21.Qc2 Bb7 22.Rfc1 Rf7 23.Qd1 Bf8
24.Kh1 Nh4 25.Qg1 g4 26.fxg4 f3 27.gxf3 Nxf3 28.Qe3 Nxh2 29.Kxh2 Qh4+ 30.Kg2 Bh6
31.Qg3 Qe7 32.Bd2 Bf4 33.Bxf4 exf4 34.Qd3 h5 35.N3d4 hxg4 36.Bxg4 f3+ 37.Bxf3 Qg5+
38.Kf2 Qh4+ 39.Ke2 Qh2+ 40.Kd1 Ba6 41.Qe2 Qe5 42.Qe3 Nf6 43.Nc7 Bb7 44.Nf5 Rxa5
45.Rxa5 bxa5 46.Nh6+ Kf8 47.Ne6+ Ke8 48.Nxf7  1-0

[Event "Bled op18th"]
[Site "Bled"]
[Date "1997.??.??"]
[Round "5"]
[White "Kozul, Zdenko"]
[Black "Rogic, Davor"]
[Result "1-0"]
[WhiteElo "2590"]
[BlackElo "2455"]

1.d4 Nf6 2.c4 g6 3.Nc3 Bg7 4.e4 d6 5.Nf3 O-O 6.Be2 e5 7.O-O Nc6 8.d5 Ne7
9.Ne1 Nd7 10.Be3 f5 11.f3 f4 12.Bf2 g5 13.a4 a5 14.Nd3 b6 15.b4 axb4 16.Nxb4 Nf6
17.Nd3 h5 18.Nb5 Ng6 19.a5 bxa5 20.Be1 g4 21.Rxa5 Rb8 22.Nb4 Rb7 23.Nc6 Qe8
24.Ra8 Qf7 25.Qa1 Ne7 26.Qa5 g3 27.hxg3 Bh6 28.gxf4 Bxf4 29.g3 Kh7 30.Nxe7 Qxe7
31.gxf4 exf4 32.Kh2 Qd7 33.Rxc8 Qxc8 34.Bd3 Kh6 35.Qd2 Kg7 36.Rg1+ Kh8 37.Qb2 c6
38.Bc3 Qd8 39.dxc6 Rbf7 40.c7 Qe7 41.Qg2  1-0

[Event "Bled op18th"]
[Site "Bled"]
[Date "1997.??.??"]
[Round "5"]
[White "Truta, Srecko"]
[Black "Starc, Christian"]
[Result "1-0"]
[WhiteElo "2200"]
[BlackElo "2165"]

1.d4 Nf6 2.Nf3 g6 3.c4 Bg7 4.Nc3 O-O 5.e4 d6 6.Be2 e5 7.O-O Nc6 8.d5 Ne7
9.Nd2 a5 10.Rb1 Ne8 11.a3 c6 12.b4 f5 13.dxc6 bxc6 14.b5 Bb7 15.bxc6 Bxc6
16.Nd5 Bh6 17.Bf3 fxe4 18.Bxe4 Nxd5 19.Bxd5+ Bxd5 20.cxd5 Nf6 21.a4 Rf7 22.Rb5 Rc8
23.Ba3 Rc3 24.Nb1 Rc4 25.Qb3 Rc8 26.Qh3 Kg7 27.Bxd6 Rc4 28.Bxe5 Bf4 29.Qb3 Re4
30.Bb2 Be5 31.Nd2 Re2 32.Qd3 Re7 33.Bxe5 R2xe5 34.Nf3 Rxd5 35.Rxd5 Qxd5 36.Rd1 Qxd3
37.Rxd3 Re4 38.Rd4 Rxd4 39.Nxd4 Nd5 40.Nc6 Nc3 41.Nxa5 Nxa4 42.f4 h5 43.Kf2 Nc5
44.Ke3 Kf6 45.g3 Kf5 46.h3 g5 47.fxg5 Kxg5 48.Nc6 Ne6 49.Ne5 Kf5 50.Nf3 Nc5
51.Nh4+ Ke5 52.Ng6+ Kf5 53.Nf4 Kg5 54.Kd4 Nd7 55.Nd5 Kf5 56.Ne3+ Kg6 57.h4 Kf6
58.Kd5 Nb6+ 59.Ke4 Nd7 60.Nd5+ Kg6 61.Nf4+ Kh6 62.Kf5 Nc5 63.Ne6 Nd3 64.Ng5 Nf2
65.Nf7+ Kg7 66.Nd6 Kh6 67.Nf7+ Kg7 68.Ne5 Kh6 69.Kf4 Nd1 70.Nc6 Nc3 71.Ne7 Ne2+
72.Kf3 Nd4+ 73.Ke3 Ne6 74.Ke4 Nc5+ 75.Kd4 Nd7 76.Ke4 Nc5+ 77.Ke5 Nd3+ 78.Kf6 Nf2
79.Nf5+ Kh7 80.Kg5 Ne4+ 81.Kxh5  1-0

[Event "Bled op18th"]
[Site "Bled"]
[Date "1997.??.??"]
[Round "6"]
[White "Sosonko, Gennadi"]
[Black "Bokan, Danko"]
[Result "1-0"]
[WhiteElo "2515"]
[BlackElo "2390"]

1.d4 Nf6 2.c4 g6 3.Nc3 Bg7 4.e4 d6 5.Nf3 O-O 6.Be2 e5 7.O-O Nc6 8.d5 Ne7
9.Ne1 Nd7 10.Nd3 f5 11.Bd2 Kh8 12.Rc1 Nf6 13.f3 Neg8 14.c5 h5 15.cxd6 cxd6
16.Nf2 f4 17.Nb5 Ne8 18.a4 g5 19.Rc3 Bd7 20.Qc2 a6 21.Na3 Nh6 22.h3 Rf6 23.a5 Rg6
24.Nc4 Bb5 25.Rc1 Kh7 26.Bf1 Rc8 27.Nb6 Rxc3 28.Qxc3 g4 29.fxg4 Bxf1 30.Kxf1 hxg4
31.hxg4 Nf6 32.Qc8 Qxc8 33.Nxc8 Nhxg4 34.Nxg4 Rxg4 35.Nxd6 Bf8 36.Rc7+ Rg7
37.Rxg7+ Kxg7 38.Nxb7 Nxe4 39.Ke2 Kf6 40.Be1 Kf5 41.b4 Nf6 42.d6 Ke6 43.b5 axb5
44.a6 Nd5 45.Ba5  1-0

[Event "Bled op18th"]
[Site "Bled"]
[Date "1997.??.??"]
[Round "7"]
[White "Sosonko, Gennadi"]
[Black "Rogic, Davor"]
[Result "1-0"]
[WhiteElo "2515"]
[BlackElo "2455"]

1.d4 Nf6 2.c4 g6 3.Nc3 Bg7 4.e4 d6 5.Nf3 O-O 6.Be2 e5 7.O-O Nc6 8.d5 Ne7
9.Ne1 Nd7 10.Nd3 f5 11.Bd2 Nf6 12.f3 f4 13.c5 g5 14.cxd6 cxd6 15.Nf2 Ng6
16.Qc2 Rf7 17.Rfc1 a6 18.a4 h5 19.h3 Bf8 20.a5 g4 21.fxg4 hxg4 22.hxg4 b5
23.axb6 Qxb6 24.Na4 Qa7 25.Ba5 Rb8 26.Bc7 Rb7 27.Bxd6 Bxd6 28.Qxc8+ Nf8 29.Kf1 f3
30.Bxf3 Qe3 31.Rc3 Qf4 32.Qf5 Qg3 33.Qg5+ Kh7 34.Nh1 Nxe4 35.Qh5+ Kg7 36.Nxg3 Nxg3+
37.Kg1 Nxh5 38.gxh5 Rb4 39.Rc6 Rf6 40.Nc3 Be7 41.Rxf6 Bxf6 42.Rxa6 Bg5 43.Ne4 Be3+
44.Kh2 Rxb2 45.Kh3 Nd7 46.Kg4 Rb5 47.Rg6+ Kh7 48.Kf5  1-0

[Event "Bled op18th"]
[Site "Bled"]
[Date "1997.??.??"]
[Round "7"]
[White "Cebalo, Miso"]
[Black "Kecic, Stevan"]
[Result "1-0"]
[WhiteElo "2540"]
[BlackElo "2245"]

1.d4 Nf6 2.Nf3 g6 3.c4 Bg7 4.Nc3 O-O 5.e4 d6 6.Be2 e5 7.O-O Nc6 8.d5 Ne7
9.b4 Nh5 10.Re1 Nf4 11.Bf1 h6 12.c5 g5 13.Nd2 f5 14.Nc4 fxe4 15.cxd6 cxd6
16.Nxe4 Nf5 17.b5 Bf6 18.a4 Be7 19.Ba3 g4 20.Qxg4+ Kh8 21.Qd1 Rg8 22.g3 Qf8
23.Nxe5 Nh4 24.Bxd6 Bh3 25.Bxe7 Qxe7 26.Qd4 Rg7 27.Bxh3 Nxh3+ 28.Kf1 Re8
29.Nd6 Rf8 30.Nef7+ Qxf7 31.Nxf7+  1-0

[Event "Bourbon Lancy op"]
[Site "Bourbon Lancy"]
[Date "1997.??.??"]
[Round "6"]
[White "Shchekachev, Andrei"]
[Black "David, Alberto"]
[Result "0-1"]
[WhiteElo "2510"]
[BlackElo "2460"]

1.Nf3 Nf6 2.c4 g6 3.Nc3 Bg7 4.e4 O-O 5.d4 d6 6.Be2 e5 7.O-O Nc6 8.d5 Ne7
9.Ne1 Nd7 10.Be3 f5 11.f3 f4 12.Bf2 g5 13.Rc1 Ng6 14.Nd3 Nf6 15.c5 Rf7 16.Kh1 Bf8
17.a4 h5 18.cxd6 cxd6 19.Nb5 g4 20.Nxa7 Bd7 21.Qb3 g3 22.Bb6 Qe7 23.Rc7 Nxe4
24.fxe4 Qh4 25.Bg1 Rxa7 26.Qb6 Ra8 27.Nc5 Bg4 28.Bxg4 hxg4 29.Rxf7 Kxf7 30.Qxb7+ Kg8
31.Nd3 f3 32.gxf3 Qh3 33.Ne1 Qxf1 34.Qd7 Qxe1 35.Qxg4 g2+ 36.Kxg2 Kh7 37.Bf2 Qd2
38.h4 Qf4 39.Qd7+ Bg7 40.h5 Qg5+  0-1

[Event "Ciocaltea mem"]
[Site "Bucharest"]
[Date "1997.??.??"]
[Round "1"]
[White "Notkin, Maksim"]
[Black "Iordachescu, Viorel"]
[Result "1/2-1/2"]
[WhiteElo "2515"]
[BlackElo "2485"]

1.d4 Nf6 2.c4 g6 3.Nc3 Bg7 4.Nf3 O-O 5.e4 d6 6.Be2 e5 7.O-O Nc6 8.d5 Ne7
9.Ne1 Nd7 10.Nd3 f5 11.Bd2 fxe4 12.Nxe4 Nf5 13.Ne1 Kh8 14.Nf3 h6 15.Bc3 Qe7
16.Qd2 g5 17.Rad1 Qf7 18.Qc2 Rg8 19.g4 Ne7 20.Nexg5 hxg5 21.Nxg5 Qg6 22.Qxg6 Nxg6
23.Nf7+ Kh7 24.Ng5+ Kh8  1/2-1/2

[Event "Ciocaltea mem"]
[Site "Bucharest"]
[Date "1997.??.??"]
[Round "5"]
[White "Notkin, Maksim"]
[Black "Nevednichy, Vladislav"]
[Result "1/2-1/2"]
[WhiteElo "2515"]
[BlackElo "2535"]

1.d4 Nf6 2.c4 g6 3.Nc3 Bg7 4.e4 O-O 5.Nf3 d6 6.Be2 e5 7.O-O Nc6 8.d5 Ne7
9.b4 Nh5 10.Re1 f5 11.Ng5 Nf6 12.f3 h6 13.Ne6 Bxe6 14.dxe6 Re8 15.b5 fxe4
16.fxe4 Kh7 17.Bg4 c6 18.Bh3 d5 19.exd5 cxd5 20.Ba3 dxc4 21.Qxd8 Raxd8 22.Rac1 Rd2
23.g3 Ned5 24.Nxd5 Nxd5 25.Bd6 e4 26.Rxc4 Nb6 27.Rc7 Rxd6 28.Rxe4 a6 29.a4 axb5
30.axb5 h5 31.Rxb7 Kh6 32.Rf7 Rd1+ 33.Kf2 Nd5 34.e7 Rd2+ 35.Ke1 Bc3 36.Kf1 Rd1+
37.Kg2 Rd2+ 38.Kf1 Rd1+ 39.Kg2 Rd2+ 40.Kf1  1/2-1/2

[Event "Ciocaltea mem"]
[Site "Bucharest"]
[Date "1997.??.??"]
[Round "6"]
[White "Notkin, Maksim"]
[Black "Solak, Dragan"]
[Result "1-0"]
[WhiteElo "2515"]
[BlackElo "2355"]

1.d4 Nf6 2.c4 g6 3.Nc3 Bg7 4.e4 d6 5.Nf3 O-O 6.Be2 e5 7.O-O Nc6 8.d5 Ne7
9.Ne1 Nd7 10.Nd3 f5 11.Bd2 Kh8 12.Rc1 Ng8 13.b4 Ngf6 14.f3 Nh5 15.c5 Ndf6
16.a4 Qe7 17.Nf2 Nf4 18.Re1 N6h5 19.Bf1 Qh4 20.Nb5 g5 21.Nxc7 Rf6 22.Nxa8 Rh6
23.cxd6 Bd7 24.exf5 e4 25.Ng4  1-0

[Event "Budapest FS05 IM"]
[Site "Budapest"]
[Date "1997.??.??"]
[Round "1"]
[White "Baumegger, Siegfried"]
[Black "Toth, Andras"]
[Result "1-0"]
[WhiteElo "2360"]
[BlackElo "2245"]

1.d4 Nf6 2.c4 g6 3.Nc3 Bg7 4.e4 d6 5.Nf3 O-O 6.Be2 e5 7.O-O Nc6 8.d5 Ne7
9.Ne1 Nd7 10.Nd3 f5 11.Bd2 Nf6 12.f3 f4 13.c5 h5 14.cxd6 cxd6 15.Rc1 g5 16.Nb5 Ne8
17.a4 Ng6 18.Nf2 Rf7 19.Qb3 Nf6 20.h3 g4 21.fxg4 hxg4 22.hxg4 a6 23.Nc7 Rxc7
24.Ba5 Ne8 25.Rxc7 Nxc7 26.Rc1 f3 27.Qxf3 Bd7 28.Rxc7 Qe7 29.g3 Rf8 30.Qe3 Qf7
31.g5 Rc8 32.Rxb7 Qe8 33.Bc3  1-0

[Event "Honved"]
[Site "Budapest"]
[Date "1997.??.??"]
[Round "2"]
[White "Baumegger, Siegfried"]
[Black "Videki, Sandor"]
[Result "1-0"]
[WhiteElo "2360"]
[BlackElo "2375"]

1.d4 Nf6 2.c4 g6 3.Nc3 Bg7 4.e4 d6 5.Nf3 O-O 6.Be2 e5 7.O-O Nc6 8.d5 Ne7
9.Ne1 Nd7 10.Nd3 f5 11.Bd2 Kh8 12.Rc1 Nf6 13.f3 h5 14.Qc2 f4 15.c5 g5 16.cxd6 cxd6
17.Nb5 Ne8 18.Nc7 Nxc7 19.Qxc7 Nc6 20.Qxd8 Nxd8 21.Rc7 Rf7 22.Rfc1 Rxc7 23.Rxc7 Kg8
24.g3 Nf7 25.h4 fxg3 26.hxg5 h4 27.Kg2 Rb8 28.f4 exf4 29.Bxf4 Bd4 30.g6 Ne5
31.Nxe5 dxe5 32.Bg5  1-0

[Event "Budapest"]
[Site "Budapest"]
[Date "1997.??.??"]
[Round "4"]
[White "Murzin, Lenar"]
[Black "Appleberry, Martin"]
[Result "0-1"]
[WhiteElo "2320"]
[BlackElo "2240"]

1.d4 Nf6 2.c4 g6 3.Nc3 Bg7 4.e4 d6 5.Be2 O-O 6.Nf3 e5 7.O-O Nc6 8.d5 Ne7
9.b4 Kh8 10.Nd2 Ne8 11.c5 f5 12.Bf3 Ng8 13.Nc4 Ngf6 14.Re1 f4 15.a4 Rf7 16.Ba3 Bf8
17.b5 b6 18.cxd6 cxd6 19.Bb4 Bd7 20.a5 Rc8 21.axb6 axb6 22.Qe2 g5 23.h3 h5
24.g4 fxg3 25.fxg3 Bxh3 26.Ra6 g4 27.Bg2 Rfc7 28.Nxe5 dxe5 29.Bxf8 Rxc3 30.Bxh3 gxh3
31.Qf2 Rc2 32.Qf5 Rg2+ 33.Kh1 Rcc2 34.Qxh3 Rh2+ 35.Qxh2 Rxh2+ 36.Kxh2 Ng4+
37.Kg1 Nc7 38.Rf1 Nxa6 39.bxa6 Qg5 40.a7 Qe3+ 41.Kh1 Qxe4+ 42.Kg1 Qd4+ 43.Kg2 Qd2+
44.Kf3 Qe3+ 45.Kg2 Qe2+  0-1

[Event "Spring op"]
[Site "Budapest"]
[Date "1997.??.??"]
[Round "5"]
[White "Zimmerman, Yuri"]
[Black "Balogh, Tomas"]
[Result "1-0"]
[WhiteElo "2410"]
[BlackElo "2345"]

1.d4 Nf6 2.c4 g6 3.Nc3 Bg7 4.e4 d6 5.Nf3 O-O 6.Be2 e5 7.O-O Nc6 8.d5 Ne7
9.Ne1 Nd7 10.Be3 f5 11.f3 f4 12.Bf2 g5 13.a4 h5 14.a5 Ng6 15.Nb5 a6 16.Na7 Rxa7
17.Bxa7 Nf6 18.c5 g4 19.cxd6 cxd6 20.Bb6 Qe7 21.Rc1 g3 22.Rc7 gxh2+ 23.Kh1 Bd7
24.Nd3 h4 25.Nf2 h3 26.Nxh3 Nh5 27.Kxh2 Nh4 28.Qa4 Rf7 29.Qxd7 Qxd7 30.Rxd7 Rxd7
31.Rc1 Bf6 32.Rc8+ Kh7 33.Rc7 Rxc7 34.Bxc7 Be7 35.b4 Ng6 36.Bxa6  1-0

[Event "Honved"]
[Site "Budapest"]
[Date "1997.??.??"]
[Round "6"]
[White "Gross, Dav"]
[Black "Videki, Sandor"]
[Result "1/2-1/2"]
[WhiteElo "2360"]
[BlackElo "2375"]

1.d4 Nf6 2.c4 g6 3.Nc3 Bg7 4.e4 d6 5.Nf3 O-O 6.Be2 e5 7.O-O Nc6 8.d5 Ne7
9.Ne1 Nd7 10.Nd3 f5 11.f3 f4 12.Nf2 g5  1/2-1/2

[Event "Spring op"]
[Site "Budapest"]
[Date "1997.??.??"]
[Round "8"]
[White "Gladischev, Oleg"]
[Black "Grabics, Monika"]
[Result "1/2-1/2"]
[WhiteElo "2335"]
[BlackElo "2255"]

1.d4 Nf6 2.c4 g6 3.Nc3 Bg7 4.e4 d6 5.Be2 O-O 6.Nf3 e5 7.O-O Nc6 8.d5 Ne7
9.Ne1 Ne8 10.f4 f5 11.fxe5 Bxe5 12.Bh6 Rf7 13.Qd2 Nf6 14.exf5 Nxf5 15.Bf4 Bd4+
16.Kh1 Qe7 17.Nc2 Bxc3 18.bxc3 Ne4 19.Qe1 g5 20.Bf3 gxf4 21.Bxe4 Qg5 22.Qf2 Nh6
23.Bf3 Nf5 24.Be4 Nh6 25.Bf3 Bg4 26.Nd4 Raf8 27.Rae1 Rf6 28.Qe2 Bd7 29.Qe7 c5
30.Qxd7 cxd4 31.Qxb7 Nf5  1/2-1/2

[Event "Budapest FS12 IM-B"]
[Site "Budapest"]
[Date "1997.??.??"]
[Round "9"]
[White "Szeberenyi, Adam"]
[Black "Farago, Sandor"]
[Result "0-1"]
[WhiteElo "2215"]
[BlackElo "2330"]

1.d4 Nf6 2.c4 g6 3.Nc3 Bg7 4.e4 d6 5.Be2 O-O 6.Nf3 e5 7.O-O Nc6 8.d5 Ne7
9.b4 a5 10.Ba3 axb4 11.Bxb4 Nd7 12.Nd2 f5 13.Nb3 Nf6 14.Bf3 b6 15.a4 Ba6
16.Nd2 Bh6 17.Be2 Qd7 18.Re1 Kg7 19.Bf1 Rf7 20.a5 c5 21.Ba3 bxa5 22.Nf3 Rff8
23.Bc1 Bxc1 24.Qxc1 Bc8 25.Ng5 Qd8 26.f4 exf4 27.e5 dxe5 28.Rxe5 Ng4 29.Ne6+ Bxe6
30.Rxe6 g5 31.Qb2 Kg8 32.d6 Nc6 33.Qb7 Rc8 34.Nd5 Rf7 35.Ne7+ Rxe7 36.Rxe7 Nxe7
37.Qxe7 Qxe7 38.dxe7 Kf7 39.Rxa5 Rc7 40.Bd3 Ne3 41.Ra6 Kxe7 42.Rh6 Kf8 43.Rd6 Kg7
44.g3 fxg3 45.hxg3 Re7 46.Kf2 Ng4+ 47.Kg2 h5  0-1

[Event "Budapest FS06 GM"]
[Site "Budapest"]
[Date "1997.??.??"]
[Round "10"]
[White "Kolbus, Dietmar"]
[Black "Borocz, Istvan"]
[Result "0-1"]
[WhiteElo "2330"]
[BlackElo "2420"]

1.c4 g6 2.d4 Bg7 3.e4 d6 4.Nf3 Nf6 5.Nc3 O-O 6.Be2 e5 7.O-O Nc6 8.d5 Ne7
9.Nd2 Ne8 10.b4 f5 11.Nb3 Nf6 12.f3 Rf7 13.a4 Bf8 14.a5 f4 15.c5 g5 16.Ba3 Rg7
17.h3 h5 18.Kf2 Ng6 19.Bc4 Nh4 20.Rg1 g4 21.hxg4 hxg4 22.Be2 Nh5 23.fxg4 Nf6
24.g3 Nxg4+ 25.Bxg4 Bxg4 26.Qd3 fxg3+ 27.Rxg3 Qf6+ 28.Ke1 Nf3+ 29.Rxf3 Bxf3
30.Kd2 Rg2+ 31.Kc1 Bh6+ 32.Kb1 Rf8 33.Bc1 Qh4 34.Ra2 Rg1 35.Rc2 Bxc1 36.Rxc1 Qh1
37.Rxg1+ Qxg1+ 38.Kc2 Bh5 39.cxd6 cxd6 40.Nd2 Qg2 41.Qe3 Rf2 42.Nb5 Rf3 43.Qxa7 Qe2
44.Qb8+ Rf8 45.Qxb7 Qd1+ 46.Kc3 Be2 47.Nxd6 Qc1+ 48.Kb3 Bd1+  0-1

[Event "Buenos Aires op"]
[Site "Buenos Aires"]
[Date "1997.??.??"]
[Round "4"]
[White "Garcia Palermo, Carlos"]
[Black "Moreno, Javier"]
[Result "1-0"]
[WhiteElo "2480"]
[BlackElo "2370"]

1.d4 Nf6 2.c4 g6 3.Nc3 Bg7 4.e4 d6 5.Nf3 O-O 6.Be2 e5 7.O-O Nc6 8.d5 Ne7
9.b4 Nh5 10.Re1 a5 11.bxa5 Rxa5 12.Nd2 Nf4 13.Bf1 Ra8 14.Nb3 f5 15.c5 h6
16.cxd6 cxd6 17.Nd2 Kh8 18.a4 Nh5 19.Ba3 Nf6 20.Nc4 Ra6 21.Nb5 Nxe4 22.f3 Nc5
23.Rc1 e4 24.Nbxd6 b6 25.Nxc8 Nxc8 26.Nxb6 Nd3 27.Bxd3 Qxb6+ 28.Kh1 Ra8 29.Bxf8  1-0

[Event "Cairo-A"]
[Site "Cairo"]
[Date "1997.??.??"]
[Round "11"]
[White "Kaabi, Mejdi"]
[Black "Hassan, Sayed Barakat"]
[Result "1/2-1/2"]
[WhiteElo "2345"]
[BlackElo "2390"]

1.d4 Nf6 2.c4 g6 3.Nc3 Bg7 4.e4 d6 5.Be2 O-O 6.Nf3 e5 7.O-O Nc6 8.d5 Ne7
9.b4 Nd7 10.Nd2 f5 11.Ba3 Nf6  1/2-1/2

[Event "Goodricke op"]
[Site "Calcutta"]
[Date "1997.??.??"]
[Round "1"]
[White "Murugan, Krishnamoorthy"]
[Black "Neelotpal, Das"]
[Result "1-0"]
[WhiteElo "2395"]
[BlackElo "2205"]

1.d4 Nf6 2.c4 g6 3.Nc3 Bg7 4.e4 d6 5.Nf3 O-O 6.Be2 e5 7.O-O Nc6 8.d5 Ne7
9.Ne1 Ne8 10.Be3 f5 11.f3 f4 12.Bf2 h5 13.c5 g5 14.a4 Ng6 15.a5 Rf7 16.c6 Nf6
17.cxb7 Bxb7 18.Nd3 a6 19.Nb4 Bc8 20.Nc6 Qe8 21.b4 g4 22.Kh1 Bf8 23.b5 g3
24.Bg1 Bh3 25.gxh3 Nh4 26.Rf2 Rg7 27.Bf1 Qg6 28.b6 cxb6 29.axb6 gxf2 30.Bxf2 Ng2
31.b7 Re8 32.b8=Q Rxb8 33.Nxb8 h4 34.Nc6 Nh5 35.Ra2 Ne3 36.Bxe3 fxe3 37.Rg2 Qf7
38.Qe2 Rxg2 39.Qxg2+ Kh7 40.Qg4 Bh6  1-0

[Event "Cannes op 18th"]
[Site "Cannes"]
[Date "1997.??.??"]
[Round "4"]
[White "Jelen, Igor"]
[Black "Touzane, Olivier"]
[Result "0-1"]
[WhiteElo "2405"]
[BlackElo "2355"]

1.d4 Nf6 2.c4 g6 3.Nc3 Bg7 4.e4 d6 5.Nf3 O-O 6.Be2 e5 7.O-O Nc6 8.d5 Ne7
9.Nd2 a5 10.a3 Nd7 11.Rb1 f5 12.b4 Kh8 13.f3 Ng8 14.Qc2 Ngf6 15.Bd3 f4 16.Be2 h5
17.Nb5 b6 18.Bb2 Ne8 19.c5 bxc5 20.bxc5 Nxc5 21.a4 g5 22.Ba3 Na6 23.Nc4 g4
24.g3 Bh6 25.Nxe5 dxe5 26.Qc6 Rf6 27.Qxa8 fxg3 28.fxg4 Rxf1+ 29.Bxf1 Qf6
30.Bg2 Bd7 31.Qa7 Qh4 32.Qxa6 Be3+ 33.Kf1 gxh2 34.Ke2 Qf2+ 35.Kd3 Bxb5+  0-1

[Event "Wch U14"]
[Site "Cannes"]
[Date "1997.??.??"]
[Round "6"]
[White "Szymanski, Marcin"]
[Black "Szabo, Gergely"]
[Result "1/2-1/2"]
[WhiteElo "2180"]
[BlackElo "2160"]

1.d4 Nf6 2.c4 g6 3.Nc3 Bg7 4.e4 d6 5.Nf3 O-O 6.Be2 e5 7.O-O Nc6 8.Be3 Ng4
9.Bg5 f6 10.Bc1 f5 11.d5 Ne7 12.exf5 Nxf5 13.Nd2 Nf6 14.Nde4 Nd4 15.Nxf6+ Bxf6
16.Be3 Nf5 17.Ne4 Nxe3 18.fxe3 Bf5 19.Nf2 Bg5 20.e4 Bd7 21.Bg4 Be3 22.Bxd7 Qxd7
23.Qe2 Bd4 24.Kh1 h5 25.Nh3 Qe7 26.g3 Rxf1+ 27.Rxf1 Rf8 28.Rf3 Rxf3 29.Qxf3 Kg7
30.b3 Qf6 31.Kg2 Qxf3+  1/2-1/2

[Event "Cannes op-B 18th"]
[Site "Cannes"]
[Date "1997.??.??"]
[Round "9"]
[White "Alexander, Paco"]
[Black "Krstic, Uros"]
[Result "1/2-1/2"]
[WhiteElo "2215"]
[BlackElo "2270"]

1.d4 Nf6 2.c4 g6 3.Nc3 Bg7 4.e4 d6 5.Nf3 O-O 6.Be2 e5 7.O-O Nc6 8.d5 Ne7
9.Ne1 Nd7 10.Be3 f5 11.f3 Nf6 12.a4  1/2-1/2

[Event "Cappelle op"]
[Site "Cappelle la Grande"]
[Date "1997.??.??"]
[Round "4"]
[White "Burmakin, Vladimir"]
[Black "Gdanski, Jacek"]
[Result "1-0"]
[WhiteElo "2530"]
[BlackElo "2485"]

1.d4 Nf6 2.Nf3 g6 3.c4 Bg7 4.Nc3 O-O 5.e4 d6 6.Be2 e5 7.O-O Nc6 8.Be3 Ng4
9.Bg5 f6 10.Bh4 Kh8 11.d5 Ne7 12.Ne1 h5 13.Nd3 Nh6 14.Bg3 f5 15.f4 fxe4 16.Nxe4 Nef5
17.fxe5 Nxg3 18.Rxf8+ Qxf8 19.Nxg3 dxe5 20.Bf3 Qe7 21.Be4 Bg4 22.Qb3 Rf8
23.Qxb7 h4 24.Nf1 Be2 25.Qxa7 Ng4 26.h3 Bxd3 27.Bxd3 Nf2 28.Qe3 e4 29.Bc2 Kh7
30.Re1 Bxb2 31.Bxe4 Qg7 32.Qg5 Bd4 33.Bxg6+ Qxg6 34.Qxh4+ Kg8 35.Qxd4 Nxh3+
36.Kh2 Nf2 37.Ng3 Qh6+ 38.Kg1 Rf4 39.Qe3 Ng4 40.Qe8+ Rf8 41.Qe6+ Kg7 42.Qxg4+  1-0

[Event "Cappelle op"]
[Site "Cappelle la Grande"]
[Date "1997.??.??"]
[Round "5"]
[White "Savchenko, Stanislav"]
[Black "Relange, Eloi"]
[Result "1-0"]
[WhiteElo "2575"]
[BlackElo "2480"]

1.d4 Nf6 2.c4 g6 3.Nc3 Bg7 4.e4 d6 5.Nf3 O-O 6.Be2 e5 7.O-O Nc6 8.d5 Ne7
9.b4 Nh5 10.Re1 Nf4 11.Bf1 a5 12.bxa5 Rxa5 13.Nd2 c5 14.a4 Ra6 15.Rb1 Kh8
16.g3 Nh5 17.Be2 Nf6 18.h4 h6 19.h5 gxh5 20.Bxh5 Nxh5 21.Qxh5 f5 22.Nf3 Qe8
23.Qxe8 Rxe8 24.Kg2 fxe4 25.Nxe4 Ng8 26.Rh1 Re7 27.Nfg5 Bf5 28.Ra1 Bf8 29.f3 Kg7
30.g4 Bd7 31.Nh3 Re8 32.Bd2 Bxa4 33.g5 h5 34.Rhb1 b6 35.Ra2 Rea8 36.Rab2 Rb8
37.f4 Ne7 38.Nxd6 Nxd5 39.Nf5+  1-0

[Event "Cappelle op"]
[Site "Cappelle la Grande"]
[Date "1997.??.??"]
[Round "6"]
[White "Sher, Miron N"]
[Black "Nijboer, Friso"]
[Result "0-1"]
[WhiteElo "2470"]
[BlackElo "2555"]

1.c4 Nf6 2.Nf3 g6 3.Nc3 Bg7 4.e4 d6 5.d4 O-O 6.Be2 e5 7.O-O Nc6 8.d5 Ne7
9.b4 Nh5 10.Re1 Kh8 11.a4 f5 12.Ng5 Nf4 13.Bf1 h6 14.Nf3 g5 15.Nd2 g4 16.Ra3 c6
17.a5 Rb8 18.exf5 cxd5 19.cxd5 Nxf5 20.Nde4 Nd4 21.Nb5 Nxb5 22.Bxb5 Bf5 23.Bf1 Rc8
24.g3 Nh3+ 25.Bxh3 gxh3 26.g4 Bxe4 27.Rxe4 Qc7 28.Be3 Rf3 29.Kf1 Qf7 30.Ke1 a6
31.Rd3 Rf8 32.Qc2 Rg3 33.Bb6 Rg1+ 34.Kd2 Rh1 35.Rxh3 Qxd5+ 36.Qd3 Qa2+ 37.Qc2 Qd5+
38.Qd3 Qa2+ 39.Qc2 Qa1 40.g5 Qf1 41.Reh4 Qe1+ 42.Kd3 d5  0-1